000 00382nam a22001697a 4500
003 MPLRDC
005 20220104144740.0
008 210129b ||||| |||| 00| 0 eng d
082 _a420 ZXW c.3
100 _a张小汶编
245 _a家庭小常识
_c
250 _a初版
260 _a
_b满庭芳出版社
_c1985
300 _b
650 _a
942 _cBK
_o420 ZXW c.3
999 _c50952
_d50942